| 000 | 00000nam 2200000za 4500 |
| 001 | 9.830351 |
| 003 | CaOODSP |
| 005 | 20221107145517 |
| 007 | cr ||||||||||| |
| 008 | 170111s1926 onc #of f000 0 eng d |
| 040 | |aCaOODSP|beng |
| 041 | |aeng|afre |
| 043 | |an-cn-mb|an-cn-sn|an-cn-ab |
| 086 | 1 |aCS98-1926I-PDF|zCS98-1926I |
| 245 | 00|aCensus of Manitoba, Saskatchewan and Alberta 1926, instructions to commissioners and enumerators |h[electronic resource]. |b |
| 246 | 30|aInstructions to commissioners and enumerators |
| 246 | 3 |aInstructions aux commissaires et énumérateurs |
| 260 | |aOttawa : |bDominion Bureau of Statistics,|c1926 |f(Government Printing Bureau) |
| 300 | |a1-45, 47-91 p. |
| 500 | |aAdded caption title, p. 47: Instructions aux commissaires et énumérateurs. |
| 500 | |a"Approved by Order in Council, 1926." |
| 500 | |aHistorical census publication digitized in 2010 [by Statistics Canada]. |
| 520 | 0 |aContains instructions to officers employed in the taking of the census. Includes an Appendix, "Extracts from the Statistics Act, 8-9 George V, Chapter 43, Statistics Act, 1918". |
| 546 | |aText in English and in French. The French text (p. 47-91) follows the English text. |
| 692 | 07|2gccst|aCensus |
| 692 | 07|2gccst|aHandbooks |
| 710 | 1 |aCanada. |bDominion Bureau of Statistics. |
| 792 | |tCensus of Manitoba, Saskatchewan and Alberta 1926, instructions to commissioners and enumerators |efre|w(CaOODSP)9.830360 |
| 794 | |tCensus of Manitoba, Saskatchewan and Alberta 1936, instructions to commissioners and enumerators |w(CaOODSP)9.833254 |
| 795 | |tCensus of Manitoba, Saskatchewan and Alberta 1916, instructions to commissioners and enumerators |w(CaOODSP)9.832082 |
| 856 | 40|qPDF|s2.22 MB|uhttps://publications.gc.ca/collections/collection_2017/statcan/CS98-1926I-eng.pdf |
| 856 | 40|qPDF|s1.92 MB|uhttps://publications.gc.ca/collections/collection_2017/statcan/CS98-1926I-fra.pdf |